| 000 | 00492nam a22001577a 4500 | ||
|---|---|---|---|
| 003 | NUST | ||
| 020 | _a9783319940298 | ||
| 038 | _aAsim Zubair | ||
| 082 |
_a006.3 _bTSI |
||
| 100 |
_aTsihrintzis, George A. _981228 |
||
| 245 |
_aMachine Learning Paradigms \ _badvances in data analytics _cGeorge A. Tsihrintzis , Dionisios N. Sotiropoulos & Lakhmi c. Jain |
||
| 260 |
_aSwitzerland, _bSpringer, _c2019. |
||
| 300 |
_axvi, 370p. ; _bHardcover, _c24cm. |
||
| 563 | _aHardcover | ||
| 942 |
_2ddc _cBK |
||
| 999 |
_c586097 _d586097 |
||